Enterprise Networks and Logistics for Agile manufacturing (Record no. 3224)

MARC details
000 -LEADER
fixed length control field 00598nam a22002057a 4500
003 - CONTROL NUMBER IDENTIFIER
control field OSt
005 - DATE AND TIME OF LATEST TRANSACTION
control field 20160929151227.0
008 - FIXED-LENGTH DATA ELEMENTS--GENERAL INFORMATION
fixed length control field 160310b xxu||||| |||| 00| 0 eng d
020 ## - INTERNATIONAL STANDARD BOOK NUMBER
International Standard Book Number 978-1-84996-244-5
040 ## - CATALOGING SOURCE
Transcribing agency DDC.
082 ## - DEWEY DECIMAL CLASSIFICATION NUMBER
Classification number 658.5ENT 2010.
100 ## - MAIN ENTRY--PERSONAL NAME
Personal name Editors Wang,Lihui;Koh,Lenny;
9 (RLIN) 7241
245 ## - TITLE STATEMENT
Title Enterprise Networks and Logistics for Agile manufacturing
260 ## - PUBLICATION, DISTRIBUTION, ETC. (IMPRINT)
Place of publication, distribution, etc. New Delhi.
Name of publisher, distributor, etc. Springer.
Date of publication, distribution, etc. 2010.
300 ## - PHYSICAL DESCRIPTION
Extent 55p;
Other physical details ill;
Dimensions 30cm
504 ## - BIBLIOGRAPHY, ETC. NOTE
Bibliography, etc References, & index included
650 ## - SUBJECT ADDED ENTRY--TOPICAL TERM
Topical term or geographic name as entry element Computer networks
9 (RLIN) 7242
650 ## - SUBJECT ADDED ENTRY--TOPICAL TERM
Topical term or geographic name as entry element Logistics management
9 (RLIN) 11120
942 ## - ADDED ENTRY ELEMENTS (KOHA)
Source of classification or shelving scheme Dewey Decimal Classification
Koha item type Short Loan
Holdings
Withdrawn status Lost status Source of classification or shelving scheme Damaged status Not for loan Home library Current library Date acquired Source of acquisition Inventory number Total Checkouts Full call number Barcode Date last seen Koha item type
    Dewey Decimal Classification     MUST Main Library MUST Main Library 10/03/2016 Purchase 12/36605   658.5 ENT 2010. 2016-0412 10/03/2016 Short Loan
    Dewey Decimal Classification     MUST Main Library MUST Main Library 29/09/2016 Purchase 16/39895   658.5 ENT 2010. 2016-4559 29/09/2016 Open Shelf
    Dewey Decimal Classification     MUST Main Library MUST Main Library 29/09/2016 Purchase 16/39896   658.5 ENT 2010. 2016-4560 29/09/2016 Open Shelf
    Dewey Decimal Classification     MUST Main Library MUST Main Library 29/09/2016 Purchase 16/39897   658.5 ENT 2010. 2016-4561 29/09/2016 Open Shelf
    Dewey Decimal Classification     MUST Main Library MUST Main Library 29/09/2016 Purchase 16/39898   658.5 ENT 2010. 2016-4562 29/09/2016 Open Shelf